Modification of the structure and phase composition of structural steel by a microsecond e-beam; High Temperature Material Processes: An International Quarterly of High-Technology Plasma Processes; Vol. 17, № 4

Detalhes bibliográficos
Parent link:High Temperature Material Processes: An International Quarterly of High-Technology Plasma Processes
Vol. 17, № 4.— 2013.— P. 221-226
Outros Autores: Ivanov Y. F., Krysina O. V., Kolubaeva Y. A, Devyatkov V. N., Koval N. N. Nikolay Nikolaevich, Schanin P. V.
Resumo:he structure and phase composition of prehardened 38CrNi3MoVN steel subjected to an electron beam treatment have been studied by the metallographic, scanning, and transmission electron microscopy. The e-beam parameters are as follows: the energy of accelerated electrons U ~ 15 keV, the beam current I ~ 60 ?, the current pulse duration t ~ 30 µs, the pulse repetition rate f ~ 1 Hz, the beam diameter in the specimen surface plane D ~ 1.6 cm, and the beam energy density ES ~ 10 J/cm2. The e-beam treatment of the material has been shown to result in a gradient structure whose characteristic feature is a considerable (tenfold) decrease in the average size of martensite crystallites and laths with attended increase in the steel surface layer hardness by a factor of 2.5−3.
В фонде НТБ ТПУ отсутствует
Idioma:russo
Publicado em: 2013
Assuntos:
Formato: Capítulo de Livro
KOHA link:https://koha.lib.tpu.ru/cgi-bin/koha/opac-detail.pl?biblionumber=602493

MARC

LEADER 00000naa0a2200000 4500
001 602493
005 20250303123648.0
035 |a (RuTPU)RU\TPU\tpu\28360 
035 |a RU\TPU\tpu\28359 
090 |a 602493 
100 |a 20160428d2013 k||y0rusy50 ca 
101 0 |a rus 
102 |a RU 
200 1 |a Modification of the structure and phase composition of structural steel by a microsecond e-beam  |f Y. F. Ivanov [et al.] 
330 |a he structure and phase composition of prehardened 38CrNi3MoVN steel subjected to an electron beam treatment have been studied by the metallographic, scanning, and transmission electron microscopy. The e-beam parameters are as follows: the energy of accelerated electrons U ~ 15 keV, the beam current I ~ 60 ?, the current pulse duration t ~ 30 µs, the pulse repetition rate f ~ 1 Hz, the beam diameter in the specimen surface plane D ~ 1.6 cm, and the beam energy density ES ~ 10 J/cm2. The e-beam treatment of the material has been shown to result in a gradient structure whose characteristic feature is a considerable (tenfold) decrease in the average size of martensite crystallites and laths with attended increase in the steel surface layer hardness by a factor of 2.5−3. 
333 |a В фонде НТБ ТПУ отсутствует 
461 |t High Temperature Material Processes: An International Quarterly of High-Technology Plasma Processes 
463 |t Vol. 17, № 4  |v P. 221-226  |d 2013 
610 1 |a труды учёных ТПУ 
701 1 |a Ivanov  |b Y. F. 
701 1 |a Krysina  |b O. V. 
701 1 |a Kolubaeva  |b Y. A 
701 1 |a Devyatkov  |b V. N. 
701 1 |a Koval  |b N. N.  |c specialist in the field of electronics  |c Professor of Tomsk Polytechnic University, Doctor of technical sciences  |f 1948-  |g Nikolay Nikolaevich  |3 (RuTPU)RU\TPU\pers\34748 
701 1 |a Schanin  |b P. V. 
801 1 |a RU  |b 63413507  |c 20160427 
801 2 |a RU  |b 63413507  |c 20160428  |g RCR 
942 |c CR